000 00421pab a2200181 454500
008 180718b2012 xxu||||| |||| 00| 0 eng d
100 _aShivay, Yashbir Singh
245 _aCritical review of the union budget 2012-13
260 _c2012
300 _ap.9-16.
362 _aApr
650 _aBudget - India
650 _aBudget
700 _aRahal, Anshu
773 _aKurukshetra
908 _aN
909 _a96406
999 _c96406
_d96406